Garrisoned minds : (Record no. 105831)

MARC details
000 -LEADER
fixed length control field 00640nam a22001937a 4500
005 - DATE AND TIME OF LATEST TRANSACTION
control field 20210902103317.0
010 ## - LCCN (DPL NO)
LC control number ENG-117061 ENG-129817
020 ## - INTERNATIONAL STANDARD BOOK NUMBER
International Standard Book Number 9789386050434
Terms of availability 499.00
035 ## - SYSTEM CONTROL NUMBER
System control number EN-100593 EN-113349
037 ## - SOURCE OF ACQUISITION
Source of stock number/acquisition DBAD/PUB
082 ## - DEWEY DECIMAL CLASSIFICATION NUMBER
Classification number 305.420954
245 ## - TITLE STATEMENT
Title Garrisoned minds :
Remainder of title women and armed conflict in South Asia/
Statement of responsibility, etc edited by Laxmi Murthy [and] Mitu Varma
260 ## - PUBLICATION, DISTRIBUTION, ETC. (IMPRINT)
Place of publication, distribution, etc New Delhi
Name of publisher, distributor, etc Speaking Tiger
Date of publication, distribution, etc 2016
270 ## - ADDRESS
Address 4381/4 Ansari Road,Daryaganj
City New Delhi
Postal code 110002
300 ## - PHYSICAL DESCRIPTION
Extent viii,272p
Dimensions 22cm(pbk)
700 ## - ADDED ENTRY--PERSONAL NAME
Personal name Laxmi Murthy
700 ## - ADDED ENTRY--PERSONAL NAME
Personal name Varma, Mitu
942 ## - ADDED ENTRY ELEMENTS (KOHA)
Source of classification or shelving scheme Dewey Decimal Classification
Item type English Books
Classification part 305.420954
Call number suffix GAR
Holdings
Withdrawn status Lost status Not for loan Collection code Home library Current library Date acquired Source of acquisition Cost, normal purchase price Full call number Barcode Copy number Cost, replacement price Koha item type
      Non-fiction Shahdara Branch Shahdara Branch 12/01/2017 DBAD/PUB 499.00 305.420954 GAR EN-100593 1 499.00 English Books
      Non-fiction Shahdara Branch Shahdara Branch 02/09/2021 DBAD/PUB 499.00 305.420954 GAR EN-113349 1 499.00 English Books

© Delhi Public Library
Hit Counter
free hit counter